000 01013nam a22002777a 4500
001 BR8702290
003 BR-BrBNA
005 20230928092449.0
007 ta
008 230509b bl.||||| |||| 00| 0 por d
040 _aBR-BrBNA
_bpor
_cBiblioteca Nacional de Agricultura
041 _a(Por)
072 _aC20
_b/G514
090 _ C20 BR8702290
110 1 _aAssociacao de Credito e Assistencia Rural de Santa Catarina, Florianopolis (Brasil);
110 1 _aEmpresa de Assistencia Tecnica e Extensao Rural do Estado de Santa Catarina, Florianopolis (Brasil)
_94031
111 1 _a1. Seminario Regional de Clubes 4-S
_cOrleans, SC (Brazil)
_d22-23 Jul 1984
245 1 _aAnais do 1. Seminario Regional de Clubes 4-S [Santa Catarina, Brasil]
260 3 _aOrleans, SC (Brasil):
_c1982.
300 _a10 p.
500 _a(*) Documento disponível no(a) CEAGRI, Florianopolis, SC (Brazil)
650 _aEXTENSAO RURAL
650 _aSANTA CATARINA
909 _a202309
_bLucia
_c55
_dLucia Elande
942 _cBK
999 _c39215
_d39215